000 00397nam a2200157Ia 4500
008 221030s9999 xx 000 0 und d
020 _a8122415229
041 _aEnglish
082 _a105.23
100 _aC. R. Kothari
245 0 _aResearch Methodology - Methods & Techniques
260 _bNew Age International Pub.
_aNew Delhi
_c2008
300 _a401
650 _aManagement
942 _cBK
999 _c5715
_d5715